000 00930nam a22002297a 4500
005 20240530110501.0
008 150711s2012 jo g b 000 0 ara d
017 _a2012/3/1191
_bالاردن . دائرة المكتبات الوطنية
040 _aEG-CaGPL
082 0 4 _221
_a415.2\
_bر م
100 0 _aراضى محمد عيد نواصره
245 1 0 _aموقف جلال الدين السيوطي من المدارس النحوية و القضايا اللغوية /
_cراضى محمد عيد نواصره
250 _aط1
260 _aعمان :
_bدار الراية للنشر و التوزيع ،
_c2012 .
300 _a380 ص ؛
_c24 سم
504 _aببليوجرافية : ص 361 - 379
600 0 4 _aجلال الدين السيوطى
650 0 4 _aالنحويون العرب
650 0 4 _aاللغه العربية
_xالنحو
942 _2ddc
_cBK
999 _c61483
_d61483